|
|
|
|
| LEADER |
02504cam a2200577 i 4500 |
| 001 |
nkc20172963146 |
| 003 |
CZ PrNK |
| 005 |
20181121235012.0 |
| 007 |
ta |
| 008 |
171215s2017 xr a f 001 0 cze d |
| 015 |
|
|
|a cnb002963146
|
| 020 |
|
|
|a 978-80-204-4645-9
|q (vázáno)
|
| 035 |
|
|
|a (OCoLC)1043901658
|
| 040 |
|
|
|a KLG001
|b cze
|d ABA001
|e rda
|
| 072 |
|
7 |
|a 616
|x Patologie. Klinická medicína
|2 Konspekt
|9 14
|
| 080 |
|
|
|a 616.1/.6-07
|2 MRF
|
| 080 |
|
|
|a 616-07
|2 MRF
|
| 080 |
|
|
|a (048.8:082)
|2 MRF
|
| 245 |
0 |
0 |
|a Interní propedeutika /
|c Miloš Táborský, Josef Zadražil, Vlastimil Ščudla, Vlastimil Procházka, Vítězslav Kolek, Karel Indrák, Jiří Ehrmann (eds.)
|
| 250 |
|
|
|a Druhé, přepracované a doplněné vydání
|
| 264 |
|
1 |
|a Praha :
|b Mladá fronta,
|c 2017
|
| 300 |
|
|
|a 447 stran :
|b ilustrace (některé barevné) ;
|c 24 cm
|
| 336 |
|
|
|a text
|b txt
|2 rdacontent
|
| 337 |
|
|
|a bez média
|b n
|2 rdamedia
|
| 338 |
|
|
|a svazek
|b nc
|2 rdacarrier
|
| 490 |
1 |
|
|a Edice postgraduální medicíny
|
| 504 |
|
|
|a Obsahuje bibliografie a rejstřík
|
| 650 |
0 |
7 |
|a interní propedeutika
|7 ph191239
|2 czenas
|
| 650 |
0 |
7 |
|a lékařská vyšetření
|7 ph192861
|2 czenas
|
| 650 |
0 |
9 |
|a internal propedeutics
|2 eczenas
|
| 650 |
0 |
9 |
|a medical examinations
|2 eczenas
|
| 655 |
|
7 |
|a kolektivní monografie
|7 fd501537
|2 czenas
|
| 655 |
|
9 |
|a collective monographs
|2 eczenas
|
| 700 |
1 |
|
|a Táborský, Miloš,
|d 1962-
|7 jn20010310074
|4 edt
|
| 700 |
1 |
|
|a Zadražil, Josef,
|d 1954-
|7 xx0074493
|4 edt
|
| 700 |
1 |
|
|a Ščudla, Vlastimil,
|d 1946-
|7 jn20000402953
|4 edt
|
| 700 |
1 |
|
|a Procházka, Vlastimil,
|d 1958-
|7 nlk20030127455
|4 edt
|
| 700 |
1 |
|
|a Kolek, Vítězslav,
|d 1953-2020
|7 jn20000401390
|4 edt
|
| 700 |
1 |
|
|a Indrák, Karel,
|d 1947-
|7 jn20000401162
|4 edt
|
| 700 |
1 |
|
|a Ehrmann, Jiří,
|d 1940-
|7 xx0000871
|4 edt
|
| 830 |
|
0 |
|a Edice postgraduální medicíny
|0 s
|
| 856 |
4 |
1 |
|u http://www.digitalniknihovna.cz/mzk/uuid/uuid:1c07ae60-db67-11e8-a5a4-005056827e52
|y Digitalizovaný dokument
|x NDK
|
| 910 |
2 |
|
|a BOA001
|b 2-1409.616
|
| 920 |
|
|
|a 1161662
|z KLG001
|
| 928 |
9 |
|
|a Mladá fronta - Medical Services
|
| 990 |
|
|
|a BK
|
| 995 |
|
|
|a 01
|
| 991 |
|
|
|b 201806
|c NOV
|
| 996 |
6 |
|
|b 2610745153
|c 2-1409.616
|l MZK
|r Sklad / do 1 hodiny
|n 5
|p p.v.
|w 001667852
|u 000010
|a 1
|e BOA001
|j MZK50
|s P
|
| 996 |
6 |
|
|b 2610749800
|c 2-1409.616
|l MZK
|r STM 6p
|n 0
|p kup
|h 616.1/.6 INT
|w 001667852
|u 000020
|a 0
|e BOA001
|j MZK50
|s P
|
| 996 |
7 |
|
|b 2610749801
|c 2-1409.616
|l Vol.výběr
|r VV 1p
|n 6
|p kup
|h 616.1/.6 INT
|w 001667852
|u 000030
|a 0
|e BOA001
|j MZK50
|s A
|